Central Library OPAC University of Rajshahi

Readings in the concept and measurement of income / (Record no. 58725)

MARC details
000 -LEADER
fixed length control field 00907nam a2200265 a 4500
001 - CONTROL NUMBER
control field 58725
003 - CONTROL NUMBER IDENTIFIER
rucl marc code BD-RjUL
005 - DATE AND TIME OF LATEST TRANSACTION
control field 20211209080642.0
008 - FIXED-LENGTH DATA ELEMENTS--GENERAL INFORMATION
fixed length control field 161219s1969 enk b 001 0 eng
035 ## - SYSTEM CONTROL NUMBER
System control number (BD-RjUL)
040 ## - CATALOGING SOURCE
Original cataloging agency DLC
Transcribing agency DLC
Modifying agency DLC
-- BD-RjUL
Language of cataloging eng
041 ## - LANGUAGE CODE
Language code of text/sound track or separate title eng
082 00 - DEWEY DECIMAL CLASSIFICATION NUMBER
Classification number 339.3
Edition number 23
Author mark and year REA 1969
245 10 - TITLE STATEMENT
Title Readings in the concept and measurement of income /
Statement of responsibility, etc. edited with an introduction by R.H. Parker, G.C. Harcourt, G. Whittington.
260 ## - PUBLICATION, DISTRIBUTION, ETC. (IMPRINT)
Place of publication, distribution, etc. Atlantic Highlands, N.J. :
Name of publisher, distributor, etc. Distributed in the U.S.A. by Humanities Press,
Date of publication, distribution, etc. c1969
300 ## - PHYSICAL DESCRIPTION
Pagination vi, 401 p. ;
Size 25 cm.
504 ## - BIBLIOGRAPHY, ETC. NOTE
Bibliography, etc Includes bibliographies and index.
650 #0 - SUBJECT ADDED ENTRY--TOPICAL TERM
Topical term or geographic name as entry element Income.
9 (RLIN) 13052
Topical term or geographic name as entry element Income accounting.
9 (RLIN) 12850
700 1# - ADDED ENTRY--PERSONAL NAME
Personal name Parker, R. H.
Fuller form of name (Robert Henry)
Personal name Harcourt, Geoffrey Colin.
Personal name Whittington, Geoffrey.
942 ## - ADDED ENTRY ELEMENTS (KOHA)
Source of classification or shelving scheme Dewey Decimal Classification
Koha item type Books
Holdings
Lost status Source of classification or shelving scheme Damaged status Not for loan Collection code Permanent Location Current Location Shelving location Date acquired Source of acquisition Total Checkouts Full call number Date last seen Copy number Koha item type
  Dewey Decimal Classification   Not For Loan Non-fiction Central Library, University of Rajshahi Central Library, University of Rajshahi Reading Room 30/06/1996 Asia foundation   339.3 REA 1969 19/12/2016 C-1 Books